Una historia de la música : la contribución de la música a la civilización, de Babilonia a los Beatles /

Detalles Bibliográficos
Autor principal: Goodall, Howard (Autor)
Otros Autores: Domínguez, Mario (Translator) (Traductor)
Formato: Electrónico eBook
Lenguaje:español
inglés
Publicado: Barcelona, España : Antoni Bosch editor, [2015]
Materias:
Acceso en línea:Digitalia Hispánica

MARC

LEADER 00000nam a2200000Ii 4500
001 DIGANBSCH0008
003 NyNyDIG
006 m o d
007 cr |||||||||||
008 240103s2015 sp a ob 001 0 spa d
035 |a (OCoLC)1417821028 
040 |a DGITA  |b eng  |e rda  |e pn  |c DGITA 
020 |a 9788494126772  |q eBook 
020 |z 9788494126703 
041 1 |a spa  |h eng 
050 1 4 |a ML160 ebook 
082 0 4 |a 780.9  |2 23 
100 1 |a Goodall, Howard,  |e author. 
240 1 0 |a Story of music.  |l Spanish  |s (Domínguez) 
245 1 4 |a Una historia de la música :  |b la contribución de la música a la civilización, de Babilonia a los Beatles /  |c Howard Goodall ; traducción de Mario Domínguez. 
264 1 |a Barcelona, España :  |b Antoni Bosch editor,  |c [2015] 
300 |a 1 online resource :  |b illustrations. 
336 |a text  |b txt  |2 rdacontent 
337 |a computer  |b c  |2 rdamedia 
338 |a online resource  |b cr  |2 rdacarrier 
347 |a text file  |2 rdaft 
347 |b PDF 
504 |a Includes bibliographical references and index. 
588 0 |a Online resource; title from PDF title page (Digitalia, viewed January 3, 2024) 
650 0 |a Music  |x History and criticism. 
700 1 |a Domínguez, Mario  |c (Translator),  |e translator. 
700 1 |i Translation of:  |a Goodall, Howard.  |t Story of music. 
791 2 |a Digitalia (Firm),  |e distributor. 
793 0 |g Digitalia eBook Collection:  |a Antoni Bosch Editor 
776 0 8 |i Print version:  |a Goodall, Howard.  |s Story of music. Spanish (Domínguez).  |t Historia de la música.  |d Barcelona, España : Antoni Bosch editor, [2015]  |z 9788494126703 
856 4 0 |3 Digitalia Hispánica  |u https://www.digitaliapublishing.com/a/84029/ 
910 |a Premium collection: 2024